000 00284nam a2200121Ia 4500
005 20251222144646.0
008 251222s9999||||xx |||||||||||||| ||spa||
082 _a241.4/G27/Ej.3
100 _aGaspari, Luis
245 0 _aLibro del Amor
264 _bMadame L. Verhelst
942 _cLIB
999 _c16877
_d16877